Pays où l'on roule à gauche - Mort subite - Statistiques

Statistiques générales
  • Ce quiz a été pris 4 669 fois
    4 160 depuis la dernière actualisation
  • Le résultat moyen est 6 sur 20
Answers on the Grid
Answers color-coded by a green-red scale on the quiz's grid according to % correct below.
Afrique du Sud
Australie
Bahamas
Bangladesh
Belize
Birmanie
Botswana
Brésil
Canada
Corée du Nord
États-Unis
Fidji
France
Ghana
Guyana
Inde
Indonésie
Irak
Irlande
Islande
Japon
Kenya
Madagascar
Malaisie
Malte
Namibie
Nigeria
Nouvelle-Zélande
Pakistan
Philippines
Royaume-Uni
Russie
Suède
Tanzanie
Thaïlande
Vanuatu
 
Statistiques - réponses
Réponse % Correct
Royaume-Uni
76%
Australie
57%
Nouvelle-Zélande
52%
Afrique du Sud
44%
Irlande
43%
Japon
42%
Inde
40%
Kenya
25%
Bangladesh
24%
Pakistan
24%
Malte
23%
Thaïlande
21%
Fidji
19%
Indonésie
19%
Malaisie
19%
Namibie
17%
Tanzanie
17%
Botswana
16%
Bahamas
14%
Guyana
10%
Aucun quiz correspondant
Distribution des résultats
% des personnes avec chaque résultat
Percentile par nombre de réponses
Votre historique - résultats
Vous n’avez pas pris ce quiz depuis la dernière actualisation